| 000 | 01423cam a22004214i 4500 | ||
|---|---|---|---|
| 003 | PE-LiUPU | ||
| 005 | 20250731173213.0 | ||
| 008 | 150625s r 000 0 d | ||
| 035 | _a(Sirsi) a32552 | ||
| 040 |
_aPE-LiUPU _bspa _cPE-LiUPU _erda |
||
| 082 | 0 | 4 |
_a220.02 _bC28 _221 |
| 100 | 1 |
_aCastonguay, Luis, _eautor. |
|
| 245 | 1 | 0 |
_aPequeño manual bíblico : _bantropología y vocabulario / _cLuis Castonguay. |
| 264 | 1 |
_aIquitos, Perú : _bCeta, _c1981. |
|
| 300 |
_a126 páginas : _bilustrado ; _c20 centímetros. |
||
| 336 |
_atext _2rdacontent |
||
| 337 |
_aunmediated _2rdamedia |
||
| 338 |
_avolume _2rdacarrier |
||
| 490 |
_a(Bíblica ; _vNo. 1) |
||
| 505 | 0 | _aNociones de antrpologia biblica. - hebraísmos y numeros. - Vocabulario de nombres propios. - Terminologia de la ciencia biblica. - Complementos. - Reflexión final. | |
| 526 | _aSEG42 | ||
| 526 | _aSEG41 | ||
| 526 | _aSEG40 | ||
| 526 | _aSEG39 | ||
| 526 | _aP94 | ||
| 526 | _aP87 | ||
| 526 | _aP86 | ||
| 526 | _aP85 | ||
| 526 | _aP77 | ||
| 526 | _aP76 | ||
| 526 | _aP35 | ||
| 630 | 1 | 4 |
_aBiblia. _xIntroducciones _92045 |
| 630 | 0 |
_aBiblia. _vManuales, guías, etc. _93844 |
|
| 942 |
_2ddc _cBOOK |
||
| 949 |
_a220.02 C28 _wDEWEY _c1 _i21260 _lCCODEBUL1 _mBUL _p00.00 _r0 _sY _tBOOK _u2015-06-25 _xBIBLIOTECA _zUNKNOWN _0COMPRA _o.STAFF. Colección General |
||
| 999 |
_c40217 _d40217 |
||
| 980 |
_81 _gALBERTO SANCHEZ Responsable de Automatización |
||